De los siglos oscuros al de oro: notas y artículos a través de 700 años de letras españolas
Saved in:
| 主要作者: | |
|---|---|
| 格式: | 圖書 |
| 語言: | 西班牙语 |
| 出版: |
Madrid
Gredos
1958
|
| 叢編: | Biblioteca Románica Hispánica II. Estudios y Ensayos
|
| 主題: | |
| 標簽: |
添加標簽
沒有標簽, 成為第一個標記此記錄!
|
MARC
| LEADER | 00000nam a2200000 a 4500 | ||
|---|---|---|---|
| 001 | UCQ9875 | ||
| 003 | CL-VaPUC | ||
| 008 | 990127e19580000SP |||||||||||||||||spa|d | ||
| 082 | 0 | 4 | |a 860.9 |b ALO |2 21 |
| 100 | |a Alonso, Dámaso |e author |9 346623 | ||
| 245 | 1 | 0 | |a De los siglos oscuros al de oro: notas y artículos a través de 700 años de letras españolas |
| 300 | |a 275 p | ||
| 942 | |c BK | ||
| 945 | |d 19990127 00:00:00 |a cmena | ||
| 260 | |a Madrid |b Gredos |c 1958 | ||
| 650 | 0 | |a Literatura española |9 306261 | |
| 650 | 0 | |a Historia y crítica |9 257407 | |
| 650 | 0 | |a Crítica literaria |9 269189 | |
| 583 | |a last modification |c 19990127 00:00:00 |k Rodrigo Vera | ||
| 490 | 0 | |a Biblioteca Románica Hispánica II. Estudios y Ensayos | |
| 999 | |c 278775 |d 278773 | ||
| 952 | |0 0 |1 0 |4 0 |6 860_900000000000000_ALO_1958 |7 0 |8 A |9 317542 |a FDOPOS |b FDOPOS |d 2019-11-20 |i 1318594 |o 860.9 ALO 1958 |p 1318594 |r 2025-01-22 |w 2019-11-20 |y BK |k MLH | ||